00982nam a2200229Ia 4500003000400000005001700004008004100021020001800062040001800080041000800098082002200106100003300128245015000161250001200311260004500323300003100368650005600399650007900455942003100534999001900565952016800584OSt20220829125659.0210716s2016 xx 000 0 und d a9789332537606 cAIMIT LIBRARY aeng a005.448 21bPRIS aPrithviraj, Sankaran.955883 aArchitecting cloud saas software solutions or products :bengineering multi tenanted distributed architecture software /cBy Sankaran Prithviraj. a1st ed. aNew Delhi :bPearson Education ,c2016 . axvi, 198p. ;bPBc23.5 cm. aArchitecting methods for cloud saas software955884 aArchitecting clod saas solutions with cloud non-compatible products955885 2ddccBKe1stk005.448 PRIS c196281d196281 00102ddc40708MCAaAIMITbAIMITeBook Paradiseg399.00iBillno:87931; Bill dt:2018-03-27l0o005.448 PRISpMCA15796r2026-05-23 00:00:00v279.30w2021-07-16yBK